000 00909nam a2200289 i 4500
003 EG-GICUC
005 20260419110559.0
008 260419s1975 uk ||||fr|||| 00| 0 eng d
040 _aEG-GiCUC
_beng
_cEG-GiCUC
_dEG-GiCUC
_eRda
082 0 4 _221
_a341.851
_bGI . L
092 0 4 _221
099 _aLaw1 12 341.851 GI . L 1975
100 1 _aGill,William H.
_eAuthor.
245 _aThe Law Of Arbitration/
_cWilliam H.Gill.
250 _asecond Edition
264 1 _aUnited Kingdom :
_bSweet & Maxwell ,
_c1975 .
300 _a139 page ;
_c24 cm.
336 _2rda contenu
_a texte
337 _2rda medias
_aOrdinateur
338 _2 transporteur rda
_a Ressource en ligne
546 _aText in English
650 _aPrivate International Law
650 _aArbitration - International Law
856 4 0 _uhttps://fll.law.cu.edu.eg/fulltext/bks/B12-03107.pdf
905 _a59
942 _2ddc
_n0
_cBK
_e21
999 _c71836
_d71836